Internet technologies for fixed and mobile networks /

Bibliographic Details
Main Author: Janevski, Toni (Author)
Format: Book
Language:English
Published: Boston : Artech House, [2016]
Series:Artech House mobile communications series.
Subjects:

MARC

Tag First Indicator Second Indicator Subfields
LEADER 00000cam a2200000 i 4500
001 in00003603821
005 20170928111318.0
008 151223t20162016maua b 001 0 eng d
020 |a 9781608079216  |q hardback 
020 |a 160807921X 
035 |a (OCoLC)ocn935456293 
040 |a EQO  |e rda  |c EQO  |d YDX  |d TXA  |d UtOrBLW 
049 |a TXAM 
082 0 |a 004.6  |2 23 
090 |a TK5102.5  |b .J36 2016 
100 1 |a Janevski, Toni,  |e author.  |0 http://id.loc.gov/authorities/names/n2003006974 
245 1 0 |a Internet technologies for fixed and mobile networks /  |c Toni Janevski. 
264 1 |a Boston :  |b Artech House,  |c [2016] 
264 4 |c ©2016 
300 |a xii, 376 pages :  |b illustrations ;  |c 26 cm. 
336 |a text  |b txt  |2 rdacontent 
337 |a unmediated  |b n  |2 rdamedia 
338 |a volume  |b nc  |2 rdacarrier 
490 1 |a Artech House mobile communications series 
504 |a Includes bibliographical references and index. 
650 0 |a Computer networks.  |0 http://id.loc.gov/authorities/subjects/sh85029513 
650 0 |a Mobile communication systems.  |0 http://id.loc.gov/authorities/subjects/sh85086371 
650 0 |a Internet.  |0 http://id.loc.gov/authorities/subjects/sh92002816 
830 0 |a Artech House mobile communications series.  |0 http://id.loc.gov/authorities/names/n2001009850 
945 |a PromptCat 
948 |a cataloged  |b h  |c 2016/1/26  |d c  |e dmitchel  |f 12:12:12 pm 
994 |a C0  |b TXA 
999 f f |s d4eae3c6-94c5-3cf3-b28d-c4867eadf929  |i c8209bb2-2a5c-3e5c-b6de-2d123a0c0db3  |t 0 
952 f f |p normal  |a Texas A&M University  |b College Station  |c Sterling C. Evans Library  |d Evans: Library Stacks  |t 0  |e TK5102.5 .J36 2016  |h Library of Congress classification  |i unmediated -- volume  |m A14843353104 
998 f f |a TK5102.5 .J36 2016  |t 0  |l Evans: Library Stacks